LDR 00879naa#a2200193#i#450# 001 EN\\bibl\123349 005 20260705205617.7 011 ## _a1994-4683 100 ## _a20230731b2023####ek#y0engy0150####ca 102 ## _aRU 200 1# _aANALYSIS OF THE PHYSICAL FITNESS OF STUDENTS ENTRY FOR THE FIRST YEAR OF HIGHER EDUCATION INSTITUTIONS IN KEMEROVO _eJournal article 210 1# _aMoscow _cNational State University of Physical Education, Sports and Health named after P.F. Lesgaft _d2023 215 ## _a3 с. 608 ## _aJournal article _2local 675 ## _aМетодика физического воспитания. Пути и средства физического воспитания. Учебные заведения физической культуры. 796.011.3 _z 700 #1 _aBakanov _gM V 700 #1 _aArysheva _gYU V 700 #1 _aStepanov _gS V 856 4# _auchzapiski.lesgaft.spb.ru _u